Tìm hiểu tình hình gia tăng dân số và ảnh hưởng của nó đến phát triển kinh tế - xã hội quận Liên Chiểu TP. Đà Nẵng. Định hướng phát triển đến năm 2010
Cơ sở lí luận chung. Gia tăng dân số và ảnh hưởng của nó đến phát triển kinh tế - xã hội quận Liên Chiểu TP. Đà Nẵng. Định hướng phát triển dân số kinh tế - xã hội quận Liên Chiểu đến năm 2010.
Salvato in:
| Autore principale: | |
|---|---|
| Altri autori: | |
| Natura: | Libro |
| Lingua: | Vietnamese |
| Pubblicazione: |
Đại học Đà Nẵng
Trường Đại học Sư phạm
2009
|
| Serie: | Khóa luận tốt nghiệp Đại học. Chuyên ngành: Sư phạm Địa lý
|
| Soggetti: | |
| Tags: |
Aggiungi Tag
Nessun Tag, puoi essere il primo ad aggiungerne! !
|
| Thư viện lưu trữ: | Mạng thư viện Đại học Đà Nẵng |
|---|
| LEADER | 01696nam a2200349 4500 | ||
|---|---|---|---|
| 001 | 000011204 | ||
| 003 | 7437 | ||
| 005 | 20120202140246.0 | ||
| 008 | 120202s2009 viesd | ||
| 041 | |a vie | ||
| 072 | |a Khóa luận tốt nghiệp | ||
| 082 | |a 304.6 |b TR-T | ||
| 100 | 1 | |a Trần Thị Thơm | |
| 245 | 1 | |a Tìm hiểu tình hình gia tăng dân số và ảnh hưởng của nó đến phát triển kinh tế - xã hội quận Liên Chiểu TP. Đà Nẵng. Định hướng phát triển đến năm 2010 |c Trần Thị Thơm | |
| 260 | |a Đại học Đà Nẵng |b Trường Đại học Sư phạm |c 2009 | ||
| 300 | |a 68 tr. |b ảnh m.họa + bảng |c 29 cm | ||
| 490 | |a Khóa luận tốt nghiệp Đại học. Chuyên ngành: Sư phạm Địa lý | ||
| 500 | |a Tham khảo tr. 68 | ||
| 520 | |a Cơ sở lí luận chung. Gia tăng dân số và ảnh hưởng của nó đến phát triển kinh tế - xã hội quận Liên Chiểu TP. Đà Nẵng. Định hướng phát triển dân số kinh tế - xã hội quận Liên Chiểu đến năm 2010. | ||
| 653 | |a Khóa luận tốt nghiệp Đại học | ||
| 653 | |a Khoa Địa lý | ||
| 700 | 1 | |a Nguyễn, Duy Hòa |c Th.S |e Hướng dẫn | |
| OWN | |a LSP | ||
| AVA | |a UDN50 |b LSP |d 304.6 TR-T |e available |t Error 5001 Not defined in file expand_doc_bib_avail. |f 1 |g 0 |h N |i 0 |k 1 | ||
| 999 | |a From the UDN01 | ||
| AVA | |a UDN50 |b LSP |d 304.6 TR-T |e available |t Error 5001 Not defined in file expand_doc_bib_avail. |f 1 |g 0 |h N |i 0 |k 1 | ||
| TYP | |a Monograph | ||
| TYP | |a Printed language | ||
| 980 | |a Mạng thư viện Đại học Đà Nẵng | ||